| 000 | 00326nam a2200133Ia 4500 | ||
|---|---|---|---|
| 005 | 20260326235458.0 | ||
| 008 | 260326s9999||||xx |||||||||||||| ||und|| | ||
| 100 | _aNuttgens, Patrick | ||
| 245 | 4 |
_aThe Story of Architecture / _cPatrick Nuttgens |
|
| 260 | _bPhaidon | ||
| 300 | _a288 p. | ||
| 650 | _aARQUITECTURA | ||
| 942 | _cBK | ||
| 999 |
_c8009 _d8009 |
||